Score 0/12 Timer 01:00
1 Play Today
% Correct
Juliet
97.3%
Ophelia
96%
Cordelia
90.2%
Titania
82.4%
Beatrice
79.1%
Miranda
75.5%
Viola
73.5%
Lavinia
61.7%
Celia
58.7%
Isabella
57.5%
Hermione
49.8%
Imogen
47.5%

Today's Daily Dose

Missing Word
Lizzo Songs

Get the Picture
The Longest Rivers

Remove Ads.
Support Sporcle.
Get the best of Sporcle when you Go Orange. This ad-free experience offers more features, more stats, and more fun while also helping to support Sporcle. Thank you for becoming a member.

You're not logged in!

Compare scores with friends on all Sporcle quizzes.
OR
Log In

Show Comments

Extras

Top Quizzes Today


Score Distribution

Your Account Isn't Verified!

In order to create a playlist on Sporcle, you need to verify the email address you used during registration. Go to your Sporcle Settings to finish the process.

Report this User

Report this user for behavior that violates our Community Guidelines.

Details: